Sports Quiz

Random Sports or University Quiz
Score 0/20 Timer 07:00
1 Play Today
Hint Answer % Correct
StateMichigan
98.7%
Primary RivalMichigan
98.7%
Team ColorGreen
94.9%
Team ColorWhite
94.1%
NicknameSpartans
93.5%
ConferenceBig 10
92.6%
Famous Alum: PG Magic _______Johnson
88.6%
Famous Alum: PF _______ GreenDraymond
88.1%
Famous Alum: RB Le'Veon ____Bell
84.2%
CityEast Lansing
81.2%
Hint Answer % Correct
No. of Men's Varsity Sports12
77.8%
No. of Women's Varsity Sports13
77.5%
MascotSparty
70.5%
Basketball ArenaBreslin Center
54.7%
Football StadiumSpartan Stadium
37.1%
Primary RivalPenn State
35%
Fight SongVictory for MSU
15%
Sport w/ most NCAA ChampionshipsMen's Cross Country (8)
14.2%
Athletic DirectorBill Beekman
9.1%
Baseball StadiumDrayton McLane Baseball Stadium
4.5%
Remove Ads.
Support Sporcle.
Get the best of Sporcle when you Go Orange. This ad-free experience offers more features, more stats, and more fun while also helping to support Sporcle. Thank you for becoming a member.

You're not logged in!

Compare scores with friends on all Sporcle quizzes.
OR
Log In

Show Comments

Extras

Top Quizzes Today


Score Distribution

Your Account Isn't Verified!

In order to create a playlist on Sporcle, you need to verify the email address you used during registration. Go to your Sporcle Settings to finish the process.

Report this User

Report this user for behavior that violates our Community Guidelines.

Details: